مكتبة جامعة عجلون الوطنية

فهرس بحث المكتبة

كوريا الشمالية بعين قطرية (Record no. 34142)

MARC details
000 -LEADER
fixed length control field 00647nam a22001937a 4500
003 - CONTROL NUMBER IDENTIFIER
control field JO-AjAnu
005 - DATE AND TIME OF LATEST TRANSACTION
control field 20251018133056.0
008 - FIXED-LENGTH DATA ELEMENTS--GENERAL INFORMATION
fixed length control field 251018b jo ||||| |||| 00| 0 ara d
020 ## - INTERNATIONAL STANDARD BOOK NUMBER
International Standard Book Number 978-9927-14-539-1
022 ## - INTERNATIONAL STANDARD SERIAL NUMBER
International Standard Serial Number 851/2021
040 ## - CATALOGING SOURCE
Original cataloging agency ANU
Transcribing agency JO-AjAnu
041 ## - LANGUAGE CODE
Language code of original ARA
100 ## - MAIN ENTRY--PERSONAL NAME
Personal name الجابر، أحمد بن محمد
Relator term مؤلف
9 (RLIN) 66904
245 ## - TITLE STATEMENT
Title كوريا الشمالية بعين قطرية
Statement of responsibility, etc. / أحمد بن محمد الجابر
260 ## - PUBLICATION, DISTRIBUTION, ETC.
Place of publication, distribution, etc. عمان :
Name of publisher, distributor, etc. دار الشرق للطباعة والنشر والتوزيع،
Date of publication, distribution, etc. 2021
300 ## - PHYSICAL DESCRIPTION
Extent 134 صفحة
650 ## - SUBJECT ADDED ENTRY--TOPICAL TERM
Form subdivision كوريا-وصف ورحلات
942 ## - ADDED ENTRY ELEMENTS (KOHA)
Source of classification or shelving scheme Library of Congress Classification
Koha item type Books
Suppress in OPAC No
Holdings
Withdrawn status Lost status Source of classification or shelving scheme Damaged status Not for loan Home library Current library Date acquired Total Checkouts Full call number Barcode Date last seen Price effective from Koha item type
    Library of Congress Classification     مكتبة جامعة عجلون الوطنية مكتبة جامعة عجلون الوطنية 18/10/2025   DS901.8.2021 A30480 18/10/2025 18/10/2025 Books